Un camino hacia el alma (Registro nro. 58011)
[ vista simple ]
| 000 -LDR (LÍDER) | |
|---|---|
| fixed length control field | 00610nam a22002057 4500 |
| 008 - FIXED-LENGTH DATA ELEMENTS--GENERAL INFORMATION | |
| fixed length control field | 241128r |||a|||gr|||| 00| 0 spa d |
| 020 ## - ISBN | |
| ISBN | 9788417002282 |
| 040 ## - FUENTE DE CATALOGACIÓN | |
| Agencia catalogadora original | CO-BoRNBP |
| Idioma de la agencia catalogadora | spa |
| Norma para la descripción | rda |
| Agencia que transcribe | CO-BoRNBP |
| 100 1# - Autor | |
| Nombre | Pérez Marcos, Óscar |
| 9 (RLIN) | 62226 |
| 245 13 - Título | |
| Título | Un camino hacia el alma |
| 250 ## - Edición | |
| Edición | primera edición |
| 264 #1 - Pie de imprenta | |
| Ciudad de publicación | Barcelona, España |
| Editorial | Plataforma Editorial |
| Año | 2017 |
| 300 ## - Descripción física | |
| Extensión | 175 páginas |
| Otros detalles físicos | Fotografías |
| Dimensiones | 22 cm. |
| 336 ## - Tipo de Contenido | |
| Tipo de contenido | texto |
| Código de tipo de contenido | txt |
| Fuente | rdacontenido |
| 337 ## - Tipo de Medio | |
| Tipo de Medio | sin mediación |
| Código de tipo de medio | n |
| Fuente | rdamedio |
| 338 ## - Tipo de soporte | |
| Tipo de soporte | volumen |
| Código de tipo de soporte | nc |
| Fuente | rdasoporte |
| 942 ## - Información adicional | |
| Tipo de material | LIbro |
No hay ítems disponibles.